000 00274nam a22000977a 4500
008 230411b |||||||| |||| 00| 0 eng d
020 _a9789390851935
100 _aSharma Kartik
_97664
245 _aEssentials of Artificial Intelligence
260 _aNew Delhi
_bSultan Chand
_c2022
999 _c12239
_d12239